000 00212nam a2200097Ia 4500
008 220216s9999 xx 000 0 und d
245 0 _aStump planting
260 _bPlanter
_c1956
300 _a571-576
942 _cJS
999 _c69887
_d69887